beibs in the trap - Travis Scott feat. NAV (Full Lyrics) - Statistics

General Stats
  • This quiz has been taken 25 times
  • The average score is 330 of 500
Answer Stats
Answer % Correct
a
100%
I
100%
she
100%
She
100%
So
100%
an
92%
ho
92%
I'm
92%
in
92%
in,
92%
it
92%
it,
92%
Jolly
92%
lit,
92%
me
92%
me,
92%
my
92%
the
92%
you
92%
You
92%
get
85%
girl
85%
go,
85%
just
85%
more
85%
more,
85%
on
85%
party
85%
Rancher
85%
some
85%
to
85%
want
85%
white
85%
White
85%
with
85%
With
85%
Are
77%
bitch
77%
Bitch,
77%
close
77%
clothes,
77%
door,
77%
door
77%
like
77%
make
77%
no
77%
sweeter
77%
that,
77%
Versace
77%
your
77%
And
69%
and
69%
black
69%
demons?
69%
eight
69%
gon'
69%
Got
69%
got
69%
molly
69%
night-
69%
night
69%
said
69%
snortin'
69%
sure
69%
yeah,
69%
leave
62%
lines
62%
liter
62%
nose
62%
poured
62%
pull
62%
shit
62%
snow
62%
three
62%
up
62%
up,
62%
wanna
62%
ain't
54%
all
54%
bros
54%
condo
54%
fuck
54%
fucked
54%
I'ma
54%
is
54%
keys
54%
niggas
54%
real
54%
Say
54%
Throw
54%
Adidas
46%
Fiji
46%
hood,
46%
Know
46%
let
46%
of
46%
Parents
46%
Pulled
46%
there's
46%
they
46%
thick
46%
Toyota
46%
Bieber
38%
couple
38%
down
38%
'em
38%
eyes
38%
feelings
38%
heard
38%
Heard
38%
her
38%
Lambo'
38%
light-
38%
lookin'
38%
need
38%
now
38%
off
38%
out
38%
pussy
38%
water",
38%
we
38%
about
31%
accountant,
31%
,,Bring
31%
'Cause
31%
city
31%
closed
31%
come
31%
for
31%
Free
31%
girls
31%
high-
31%
If
31%
life,
31%
lot
31%
-nin'
31%
phone,
31%
ride
31%
rollin'
31%
see
31%
seen
31%
sleepy,
31%
sniffin'
31%
soda
31%
then
31%
Anna
23%
back
23%
bottom?
23%
Crushed
23%
crushed
23%
Drove
23%
Frost,
23%
leanin'
23%
main
23%
mountains
23%
nice
23%
Nicole
23%
peace,
23%
poppin',
23%
poppin'
23%
Ridin'
23%
'round
23%
service
23%
strike
23%
swipe
23%
text
23%
toes
23%
Told
23%
touchin'
23%
Tryna
23%
Won't
23%
Xans,
23%
Xans
23%
AOD
15%
Bite
15%
change
15%
Crazy
15%
guy
15%
kick
15%
locked
15%
mood
15%
Nightmare,
15%
peaced
15%
rapper,
15%
ring
15%
Snipe
15%
spotlight,
15%
Stix,
15%
take
15%
trapper
15%
Flashes,
8%
Help
8%
indict
8%
watch
8%
No matching quizzes found
Score Distribution
Percent of People with Each Score
Percentile by Number Answered
Your Score History
You have not taken this quiz